000 00437nam a2200145 a 4500
001 000037053
005 20200930080118.0
008 120209s1970 cr 000 0 spa d
040 _aDO-SdBNP
_bspa
_cBNPHU
082 _axxxx
_bF363i
100 1 _aFernández Simó, Alfredo
_958755
245 1 0 _aInti :
_bestampas del Perú /
_cAlfredo Fernández Simó.
260 _aCosta Rica :
_bEditorial Texto LTDA,
_c1970.
300 _a115 p. ;
_c19 cm.
999 _c36543
_d36543